00370nam a22001337a 4500003000400000005001700004008004100021040002200062082001600084100001400100245004600114260005800160300001800218OSt20221012192631.0221012b |||||||| |||| 00| 0 eng d cBiblioteca Lado V a700.74bX8i aXu, Jiang a24th International Biennial of Sao Paulo/ aSao Paulo, BrasilbFundación Bienal Sao Pauloc1998 a28p.c29x28cm